La Extremadura castellano-leonesa (Record no. 141234)

MARC details
000 -LEADER
campo de control de longitud fija 00828nam a2200217 i 4500
001 - NÚMERO DE CONTROL
campo de control 141234
003 - IDENTIFICADOR DE NÚMERO DE CONTROL
campo de control ES-MaACL
005 - FECHA Y HORA DE LA ÚLTIMA TRANSACCIÓN
campo de control 20230906200242.0
007 - CAMPO FIJO DE DESCRIPCIÓN FÍSICA--INFORMACIÓN GENERAL
campo de control de longitud fija t|
008 - DATOS DE LONGITUD FIJA--INFORMACIÓN GENERAL
campo de control de longitud fija 070920s1986 sp ||||1| spa d
020 ## - NÚMERO INTERNACIONAL ESTÁNDAR DEL LIBRO
Número Internacional Estándar del Libro 84-505-3723-1
080 ## - NÚMERO DE LA CLASIFICACIÓN DECIMAL UNIVERSAL
Número de la Clasificación Decimal Universal 338.431.4(462.1+463)"07/12"
100 1# - ENTRADA PRINCIPAL--NOMBRE DE PERSONA
Nombre de persona Villar García, Luis Miguel.
9 (RLIN) 115088
245 13 - MENCIÓN DEL TÍTULO
Título La Extremadura castellano-leonesa
Resto del título : guerreros, clérigos y campesinos (711-1252) /
Mención de responsabilidad, etc. Luis Miguel Villar García.
260 ## - PUBLICACIÓN, DISTRIBUCIÓN, ETC.
Lugar de publicación, distribución, etc. [Valladolid] :
Nombre del editor, distribuidor, etc. Junta de Castilla y León, Consejería de Educación y Cultura,
Fecha de publicación, distribución, etc. 1986.
300 ## - DESCRIPCIÓN FÍSICA
Extensión 616 p. :
Otras características físicas map. ;
Dimensiones 24 cm.
504 ## - NOTA DE BIBLIOGRAFÍA, ETC.
Nota de bibliografía, etc. Bibliografía: p. 587-607. Índices.
651 #4 - PUNTO DE ACCESO ADICIONAL DE MATERIA--NOMBRE GEOGRÁFICO
Nombre geográfico Castilla y León-
Subdivisión general Historia.
9 (RLIN) 8001
710 1# - ENTRADA AGREGADA--NOMBRE DE ENTIDAD CORPORATIVA
Nombre de entidad corporativa o nombre de jurisdicción como elemento de entrada Castilla y León.
Unidad subordinada Consejería de Educación y Cultura.
9 (RLIN) 2500
852 ## - LOCALIZACIÓN
Ubicación ES-MaACL
Número de control de estantería L-11630
Sublocalización o colección R.113297
Holdings
Estatus retirado Estado de pérdida Estado de daño No para préstamo Biblioteca de origen Biblioteca actual Ubicación en estantería Fecha de adquisición Fuente de adquisición Total de préstamos Signatura topográfica completa Código de barras Visto por última vez Precio de reemplazo Tipo de ítem Koha
        Biblioteca del Ateneo de Madrid Biblioteca del Ateneo de Madrid Depósito 2 17/01/2008     L-11630 1146957 23/02/2023 23/02/2023 Libro impreso